000 00346nab a22001097u 4500
008 130520b1988 xxu||||| |||| 00| 0 spa d
041 _aspa
100 1 _aJüngling, H.-W.
_967443
245 0 0 _aAmbigüedad religiosa del Estado davídico-salomónico
_cH.-W. Jüngling
773 0 _tConcilium
_gV.2,1988,págs.367-382
_x0210-1041
_wRev134
942 _cAR
999 _c355417
_d355417